000 01398nam a2200325 c 4500
003 BLK
005 20180420215038.0
008 180413b bul|||||r ||||||| ||bul||
010 _aKNG00017108000
020 _a954-8540-04-5
_bиздат.: Перл ПП
040 _aBLK
041 _aBUL
_cBUL
080 _aИкономическо положение. Икономическа политика. Управление. Планиране. Производство. Услуги. Цени
_b338
_x(035)
_z338(035)
100 1 _aДерменджиев, Александър Т.
_eпърви автор
_9260139
139 _aДерменджиев, Александър Т.
_bД 44
245 1 0 _aПлувец между акулите
_bИли как да станеш финансово независим при новия световен ред
_cАлександър Т. Дерменджиев.
257 _aBGR
260 Бургас
_bПерл ПП
_c1996
_fЯмбол : Светлина
300 _a80 с.
_c20 см
380 _a3
500 _aОфс. изд. -2 000 тир.
650 4 _aБизнес - наръчници и ръководства
_9260140
653 _aбизнес
653 _aръководства
852 _aЦб 192614
856 4 _qpdf
_u
856 4 _qpdf
_u
942 _cKNG
_n0
944 _aCR
_c15.01.2003
_kЛюдмила_Стоянова
944 _aED
_c29.09.2003
_k
999 _c15332
_d15332